Legislació urbanística de les comunitats autònomes = Legislación urbanística de las comunidades autónomas
ISBN:
84-393-0966-x
Publicado:
Barcelona :
Generalitat de Catalunya. Escola d'Administració Pública de Catalunya, Agrupació Catalana de Tècnics Urbanistes (AETU) ,
1988
Descripción Física:
157 p. ; 23 cm
Colección:
Materials ; 9
MARC
| LEADER | 00000nam a2200000Ia 4500 | ||
|---|---|---|---|
| 001 | 21901 | ||
| 003 | BGR | ||
| 005 | 20260324180107.0 | ||
| 008 | 160829s1988 xx 000 0 cat d | ||
| 020 | |a 84-393-0966-x | ||
| 080 | |a D-4-50 | ||
| 245 | |a Legislació urbanística de les comunitats autònomes = Legislación urbanística de las comunidades autónomas | ||
| 260 | |a Barcelona : |b Generalitat de Catalunya. Escola d'Administració Pública de Catalunya, Agrupació Catalana de Tècnics Urbanistes (AETU), |c 1988 | ||
| 300 | |a 157 p. ; |c 23 cm | ||
| 490 | |a Materials ; 9 | ||
| 590 | |a Text en català i castellà | ||
| 650 | |a Urbanisme |x Dret i legislació |x Espanya |x Comunitats autònomes |9 25688 | ||
| 710 | |a Escola d'Administració Pública de Catalunya |9 15494 | ||
| 710 | 2 | |a Agrupació Catalana de Tècnics Urbanistes |9 70108 | |
| 710 | 1 | |a Catalunya. |b Generalitat |9 12125 | |
| 901 | |a Arxiu | ||
| 942 | |n 1 |2 udc |c MON | ||
| 952 | |0 1 |1 0 |2 udc |4 0 |5 2 |6 D450 |7 1 |9 53019 |a Arxiu |b Arxiu |d 2016-12-01 |l 0 |o D-4-50 |p 21901 |r 2016-12-01 00:00:00 |w 2016-12-01 |y ARXIU | ||
| 999 | |c 56868 |d 56868 | ||